|
|
|
|
| LEADER |
00000nab a2200000 ar4500 |
| 001 |
vtls009008467 |
| 003 |
SK-MaSNL |
| 005 |
20260303195902.0 |
| 008 |
070722c1976 xo mr|||||||||000 b|slo |
| 015 |
|
|
|a SNKBUCL2007/07
|2 snkbucl
|
| 038 |
|
|
|a SNKBUCL
|
| 040 |
|
|
|a SNKBUCL
|b slo
|c SNKBUCL
|e AACR2
|
| 041 |
0 |
|
|a slo
|
| 044 |
|
|
|a xo
|c SK
|
| 080 |
|
|
|a 796.42.093.1
|x (437)
|2 2001
|
| 100 |
1 |
|
|a Rusina, Bartolomej,
|d 1928-2020
|4 aut
|9 8445
|
| 245 |
1 |
0 |
|a Halové majstrovstvá ČSSR dospelých
|b (Košice, 7.-8.2.1976)
|c B. Rusina
|
| 611 |
2 |
7 |
|a Halové majstrovstvá ČSSR v atletike
|d (1976 :
|c Košice, Slovensko)
|2 snkbucl
|9 1229435
|
| 650 |
0 |
7 |
|a atletika
|2 snkbucl
|9 3279
|
| 773 |
0 |
|
|t Atletika
|g Roč. 28, č. 3 (1976), s. 8
|
| 852 |
|
|
|a SNK
|b KIS3GCP
|
| 999 |
|
|
|c 2165313
|d 2167243
|